=LDR 00000nam 2200000 4500 =001 INLIS000000000000874 =005 20130612085308 =008 ***********************************Ind** =035 ##$$0010-061300000000874 =041 ##$$a Ind =082 ##$$a 574.133 =090 ##$$a 574.133, Gib-p =100 ##$$a Gibson, Gardon =245 ##$$a Pengantar metabolisme obat, G.Gordon Gibson. Paul Skett, Lis Arsyah B =260 ##$$a 1991 $b Jakarta =300 ##$$a xiii, 314 hlm, ilus, 22 cm =650 ##$$a Metabolisme ( Biologi ) =700 ##$$a Skett, Paul 3. Arsyah B, Lis =850 ##$$a NBPNMAT